00994cam a2200253 a 450000100100000000500170001000800410002702000150006804000290008308200200011210000390013224500610017126000480023230000210028050000310030158600470033265000240037965000280040391000340043104900090046595201230047495201280059799900150072500000862220200929161356.0961002s1994 cu 000 0 spa  a9590400264 aDO-SdBNPbspacLCdBNPHU aCu863.44bP116m1 aPacheco Sosa, Sindo,d1956-92305610aMaria Virginia esta de vacaciones /cSindo Pacheco Sosa. aLa Habana :bCasa de las Américas,c1994. a126 p. ;c21 cm. aLiteratura para Jóvenes. aPremio Casa de las Américas 1994 novela. 4aNovela cubana92316 4aLiteratura cubana91483 aCatalogación por copia / LC aBNGR 001052708MOaGRbGRcCTd2009-09-17iLF1l0oCu863.44 P116mp8622-10r2020-06-25w2020-06-25y2ZPréstamo interno 001053728MOaGRbGRcCTd2009-09-17iLF1l0oCu863.44 P116mp8622-20r2020-06-25te.2w2020-06-25y2ZPréstamo interno c8392d8392